[Event "POL-chT 2nd League-4 2020"]
[Site "Poronin"]
[Date "2020.09.11"]
[Round "7.24"]
[White "Leszczynska, Malgorzata"]
[Black "Krzysztynska, Anna"]
[Result "0-1"]
[WhiteElo "1990"]
[BlackElo "1867"]
[Annotator "TA"]
[PlyCount "98"]
[EventDate "2020.09.05"]
[EventType "team-tourn"]
[EventCountry "POL"]
[SourceTitle "playchess.com"]
[Source "ChessBase"]
[SourceQuality "1"]
[WhiteTeam "MLKS Myslenice"]
[BlackTeam "Ustrzyki Dolne"]

{[%evp 17,98,47,41,27,47,34,25,0,0,0,42,39,72,23,33,0,28,0,0,0,0,0,19,-86,39,0,36,30,34,31,64,68,99,91,160,157,240,170,169,59,71,61,49,50,50,35,52,-227,-252,-302,-321,-314,-314,-280,-279,-346,-350,-405,-398,-427,-404,-461,-458,-473,-475,-503,-467,-563,-547,-678,-521,-680,-638,-783,-775,-898,-902,-974,-767,-985,-982,-29988,-29989]} 1. c4 g6 2. g3 Bg7 3. Bg2 f5 4. Nc3 Nf6 5. d3 O-O 6. e4 d6 7. exf5 gxf5 8. Nf3 e5 9. O-O Nc6 {[#]} 10. Rb1 $146 {A21: English Opening: 1...e5 2 Nc3.} ({Predecessor:} 10. Re1 Bd7 11. Rb1 a5 12. Bg5 h6 13. Bh4 Be8 14. Qd2 {1-0 (14) Panarello,G (2032)-Rizza,F (2100) ICCF email 2015}) 10... Ne7 11. Bd2 Ng6 12. Qc1 {White has an edge.} c6 13. b4 {[%cal Bb2b4,Bb4b5][%mdl 32]} Be6 14. b5 Rb8 15. Bg5 Qd7 16. Be3 a6 (16... f4 $5 17. Bxa7 (17. gxf4 Bh3 $17) 17... Ra8 $11) 17. Ng5 axb5 18. Nxe6 Qxe6 19. cxb5 d5 {aiming for ...d4.} 20. d4 {[#]} (20. Ne2 $11 {remains equal.}) 20... e4 (20... f4 $1 $17 {[%cal Rf4e3][%mdl 512]} 21. Bd2 (21. gxf4 Nh4 $17) 21... exd4) 21. Bh6 Rfc8 22. Bxg7 Kxg7 23. Bh3 cxb5 24. Rxb5 Rc4 25. Qb2 Qc6 ({Black should try} 25... Ne7) 26. Rb6 $16 Qc8 (26... Qc7 $16) 27. Nb5 Ne8 {[#]} 28. Rb1 (28. Nd6 $1 $18 {[%cal Rd6c8]} Nxd6 29. Rxd6) 28... Rc6 $14 29. Na7 Rxb6 30. Qxb6 Qd7 31. Nc6 {[%mdl 64] Pin} Rc8 32. Qxb7 $2 {[%mdl 8192] Loses the game.} (32. Ne5 $14 {stays ahead.} Nxe5 33. dxe5) 32... Rc7 $19 33. Qa8 Qxc6 34. Qxc6 Rxc6 35. Bxf5 {With the idea Bd7.} Nd6 36. Be6 Ne7 37. Bd7 Rc7 38. Ba4 Rc4 39. Bb3 Rxd4 40. Kf1 Kf6 41. Ke2 Rb4 42. f3 Nb5 {White must now prevent ...Nc3+.} 43. Kf2 Ke5 44. fxe4 dxe4 45. Rc1 Nd5 46. Rc8 e3+ 47. Ke1 Kd4 48. Rh8 Kd3 49. Rxh7 Nd4 {Accuracy: White = 31%, Black = 60%.} 0-1

[Event "POL-chT 2nd League-4 2020"]
[Site "Poronin"]
[Date "2020.09.12"]
[Round "8.1"]
[White "Steczek, Marcin"]
[Black "Luba, Lukasz"]
[Result "1/2-1/2"]
[WhiteElo "2359"]
[BlackElo "2212"]
[Annotator "TA"]
[PlyCount "119"]
[EventDate "2020.09.05"]
[EventType "team-tourn"]
[EventCountry "POL"]
[SourceTitle "playchess.com"]
[Source "ChessBase"]
[SourceQuality "1"]
[WhiteTeam "HETMAN Konin"]
[BlackTeam "GIECEK Radkow"]

{[%evp 14,119,28,23,56,36,33,38,38,40,29,40,38,34,36,0,0,0,0,0,10,-11,-10,-26,-18,-29,0,-2,-14,-12,0,0,0,0,39,39,39,39,39,39,39,39,39,39,39,16,19,8,40,15,15,15,15,15,15,15,15,14,14,14,14,14,15,0,0,0,0,0,0,0,0,0,8,8,8,8,15,15,24,8,8,8,8,8,8,8,8,8,8,8,8,8,8,8,8,8,8,3,3,3,3,0,0,0,0,0,0,0]} 1. Nf3 d5 2. b3 Bf5 3. Bb2 e6 4. d3 Nf6 5. Nbd2 Nbd7 6. g3 Bc5 7. Bg2 c6 8. O-O h5 {[#] A07: Réti Opening: New York and Capablanca Systems.} 9. e4 $146 ({Predecessor:} 9. c4 Qe7 10. a3 e5 11. d4 Bd6 12. cxd5 cxd5 13. dxe5 Nxe5 14. Nd4 Bh7 15. Nb5 Bc5 16. Rc1 {1-0 (35) Olde,H (2321)-Eskola,R (2141) Jyvaskyla 2004}) 9... dxe4 10. dxe4 Nxe4 {White is slightly better.} 11. Nxe4 Bxe4 12. Bxg7 Rg8 13. Bb2 h4 {...hxg3 is the strong threat.} 14. Qe2 ({Not} 14. Nxh4 $2 {[#]} Qxh4 $1 {[%mdl 512]} 15. Qe2 Bxg2 $1 $19 {[%mdl 512]}) (14. Re1 $5 {[%cal Re1e4]} Bd5 15. c4 (15. Nxh4 Qxh4 16. Qxd5 cxd5 $11) 15... hxg3 16. hxg3 $11) 14... Bxf3 15. Qxf3 hxg3 16. hxg3 Qc7 17. b4 Bxb4 18. Rad1 Bc5 19. Bd4 $1 Rd8 20. Rfe1 Bxd4 21. Rxd4 Nf8 22. Qe3 Rxd4 23. Qxd4 Rg5 24. Qxa7 Ra5 {[#]} 25. Bxc6+ $1 {[%mdl 576] Double Attack, Pin} Ke7 (25... bxc6 26. Qxc7) 26. Qxb7 Qxb7 27. Bxb7 Rxa2 $14 {[%mdl 4096] Endgame KRB-KRN} 28. Be4 Nd7 29. Bd3 Nc5 30. Bh7 f6 31. Kf1 Kf7 32. Bd3 Nxd3 33. cxd3 $11 {KR-KR} e5 34. Rd1 Kg6 35. Ke1 Kg5 36. Rd2 Ra1+ 37. Ke2 Kg4 38. Rc2 f5 39. Rd2 Ra4 40. Ke3 Rb4 41. Ra2 Rb3 42. Ke2 Rb4 43. Rc2 {aiming for Rc4+.} e4 44. dxe4 Rxe4+ 45. Kf1 f4 46. Rc3 {Threatens to win with f3+.} Ra4 {The position is equal.} 47. Kg2 fxg3 48. Rxg3+ Kf4 49. Rh3 {Intending Rh4+ and mate.} Ra2 (49... Kg5 {is interesting.} 50. Rh7 Ra2 51. Kg3 Kg6 52. Rb7 Ra3+) 50. Rh4+ Kg5 51. Rb4 Kf5 52. Kg3 Ra8 53. Rb5+ Kf6 54. Kg4 Ra4+ 55. f4 Ra6 56. Rh5 {White wants to mate with Rh6+.} Kg6 57. f5+ Kg7 58. Rh1 Ra2 59. Rb1 Rg2+ 60. Kf4 {Accuracy: White = 95%, Black = 91%.} 1/2-1/2

[Event "POL-chT 2nd League-4 2020"]
[Site "Poronin"]
[Date "2020.09.12"]
[Round "8.2"]
[White "Laszewicz, Pawel"]
[Black "Smagalski, Slawomir"]
[Result "1/2-1/2"]
[WhiteElo "2150"]
[BlackElo "1940"]
[Annotator "NA"]
[PlyCount "69"]
[EventDate "2020.09.05"]
[EventType "team-tourn"]
[EventCountry "POL"]
[SourceTitle "playchess.com"]
[Source "ChessBase"]
[SourceQuality "1"]
[WhiteTeam "GIECEK Radkow"]
[BlackTeam "HETMAN Konin"]
[TimeControl "40/5400+30:900+30"]

1. e4 {[%emt 0:00:00]} e5 {[%emt 0:00:00]} 2. Nf3 {[%emt 0:00:00]} Nc6 {[%emt 0:00:00]} 3. Bb5 {[%emt 0:00:00]} a6 {[%emt 0:00:00]} 4. Ba4 {[%emt 0:00:09]} Nf6 {[%emt 0:00:02]} 5. O-O {[%emt 0:00:30]} b5 {[%emt 0:00:21]} 6. Bb3 {[%emt 0:00:18]} Be7 {[%emt 0:00:07]} 7. Re1 {[%emt 0:04:20]} O-O {[%emt 0:00:15]} 8. Nc3 {[%emt 0:10:02]} d6 {[%emt 0:01:54]} 9. Nd5 {[%emt 0:03:51]} Na5 {[%emt 0:07:37]} 10. d4 {[%emt 0:18:23]} Nxb3 {[%emt 0:04:33]} 11. Nxe7+ {[%emt 0:03:54]} Qxe7 {[%emt 0:00:04]} 12. axb3 {[%emt 0:00:23]} h6 {[%emt 0:00:23]} 13. h3 {[%emt 0:03:01]} Bb7 {[%emt 0:05:21]} 14. d5 {[%emt 0:01:56]} Nh7 {[%emt 0:01:04]} 15. g4 {[%emt 0:02:36]} c5 {[%emt 0:07:34]} 16. Be3 {[%emt 0:03:06]} Ng5 {[%emt 0:07:09]} 17. Nxg5 $14 {[%emt 0:03:11]} hxg5 {[%emt 0:00:06]} 18. Qd2 {[%emt 0:00:19]} f6 {[%emt 0:00:07]} 19. Kg2 {[%emt 0:00:58]} Kf7 {[%emt 0:00:22]} 20. Rh1 {[%emt 0:04:32]} Rh8 {[%emt 0:00:08]} 21. f3 {[%emt 0:00:28]} g6 {[%emt 0:06:48]} 22. Rh2 {[%emt 0:05:44]} Rh7 {[%emt 0:12:37]} 23. Rah1 {[%emt 0:01:01]} Rah8 {[%emt 0:00:22]} 24. Qa5 {[%emt 0:11:40]} Qd8 {[%emt 0:00:24]} 25. Qe1 {[%emt 0:07:48]} b4 {[%emt 0:11:57]} 26. c3 {[%emt 0:05:56]} a5 {[%emt 0:01:47]} 27. c4 {[%emt 0:00:21]} Kg7 {[%emt 0:03:28]} 28. Qa1 {[%emt 0:00:42]} Bc8 {[%emt 0:01:57]} 29. Qa2 {[%emt 0:00:54]} Kg8 {[%emt 0:01:34]} 30. Bf2 {[%emt 0:02:02]} Qb6 {[%emt 0:05:42]} 31. Ra1 {[%emt 0:01:29]} Ra7 {[%emt 0:00:11]} 32. Qb1 {[%emt 0:00:23]} Bd7 {[%emt 0:01:51]} 33. Qc2 {[%emt 0:00:39]} Be8 {[%emt 0:01:15]} 34. Rah1 {[%emt 0:03:25]} Rah7 {[%emt 0:04:32]} 35. Ra1 {[%emt 0:01:22]} 1/2-1/2

[Event "POL-chT 2nd League-4 2020"]
[Site "Poronin"]
[Date "2020.09.12"]
[Round "8.3"]
[White "Papka, Sebastian"]
[Black "Machlowski, Slawomir"]
[Result "1-0"]
[WhiteElo "2139"]
[BlackElo "2098"]
[Annotator "NA"]
[PlyCount "79"]
[EventDate "2020.09.05"]
[EventType "team-tourn"]
[EventCountry "POL"]
[SourceTitle "playchess.com"]
[Source "ChessBase"]
[SourceQuality "1"]
[WhiteTeam "HETMAN Konin"]
[BlackTeam "GIECEK Radkow"]
[TimeControl "40/5400+30:900+30"]

1. d4 c5 2. d5 {[%emt 0:00:20]} e6 {[%emt 0:00:08]} 3. c4 {[%emt 0:00:15]} exd5 {[%emt 0:00:12]} 4. cxd5 {[%emt 0:00:01]} d6 {[%emt 0:00:07]} 5. Nc3 {[%emt 0:00:18]} Ne7 {[%emt 0:00:15]} 6. e4 {[%emt 0:00:10]} Ng6 {[%emt 0:00:05]} 7. g3 {[%emt 0:00:34]} Be7 {[%emt 0:00:30]} 8. Bg2 {[%emt 0:00:21]} O-O {[%emt 0:00:36]} 9. f4 {[%emt 0:00:34]} Bf6 $14 {[%emt 0:00:35]} 10. Nge2 {[%emt 0:01:02]} Bg4 {[%emt 0:01:05]} 11. O-O {[%emt 0:02:26]} Re8 {[%emt 0:00:38]} 12. h3 {[%emt 0:04:40]} Bxe2 {[%emt 0:01:19]} 13. Qxe2 {[%emt 0:00:49]} Na6 {[%emt 0:01:24]} 14. e5 {[%emt 0:06:53]} dxe5 {[%emt 0:01:11]} 15. f5 {[%emt 0:00:56]} Nf8 {[%emt 0:22:12]} 16. Ne4 {[%emt 0:01:25]} Qb6 {[%emt 0:04:35]} 17. d6 {[%emt 0:07:17]} Nd7 {[%emt 0:02:45]} 18. Qg4 {[%emt 0:04:45]} c4+ {[%emt 0:06:20]} 19. Kh2 {[%emt 0:01:04]} Nac5 {[%emt 0:04:55]} 20. Be3 {[%emt 0:06:39]} Rac8 {[%emt 0:04:40]} 21. Bxc5 {[%emt 0:06:54]} Rxc5 {[%emt 0:00:12]} 22. Nxc5 {[%emt 0:00:25]} Qxc5 {[%emt 0:00:29]} 23. Qe4 {[%emt 0:01:58]} b5 {[%emt 0:03:01]} 24. Rfd1 {[%emt 0:11:39]} Rd8 {[%emt 0:02:06]} 25. a4 {[%emt 0:09:22]} b4 {[%emt 0:03:11]} 26. a5 {[%emt 0:04:05]} c3 {[%emt 0:08:58]} 27. bxc3 {[%emt 0:00:34]} bxc3 {[%emt 0:00:16]} 28. Rd5 {[%emt 0:03:32]} Qf2 {[%emt 0:01:16]} 29. Rc1 {[%emt 0:02:08]} Bg5 {[%emt 0:02:57]} 30. Rxc3 {[%emt 0:01:43]} Nf6 {[%emt 0:00:21]} 31. Qxe5 {[%emt 0:05:21]} Nxd5 {[%emt 0:10:00]} 32. Qxd5 {[%emt 0:00:07]} h5 {[%emt 0:01:12]} 33. Rf3 {[%emt 0:04:22]} Qe1 {[%emt 0:00:40]} 34. h4 {[%emt 0:02:01]} Bf6 {[%emt 0:00:53]} 35. Rf1 {[%emt 0:06:12]} Qc3 {[%emt 0:01:51]} 36. Rf3 {[%emt 0:02:55]} Qe1 {[%emt 0:04:31]} 37. Rb3 {[%emt 0:01:40]} Kh7 {[%emt 0:04:56]} 38. Qxf7 {[%emt 0:01:13]} Qxa5 {[%emt 0:00:59]} 39. Qxh5+ {[%emt 0:00:13]} Kg8 {[%emt 0:00:02]} 40. Rd3 {[%emt 0:00:51]} 1-0

[Event "POL-chT 2nd League-4 2020"]
[Site "Poronin"]
[Date "2020.09.12"]
[Round "8.4"]
[White "Majocha, Piotr"]
[Black "Walaszczyk, Witold"]
[Result "1/2-1/2"]
[WhiteElo "2047"]
[BlackElo "2028"]
[Annotator "ChessBase"]
[PlyCount "123"]
[EventDate "2020.09.05"]
[EventType "team-tourn"]
[EventCountry "POL"]
[SourceTitle "playchess.com"]
[Source "ChessBase"]
[SourceQuality "1"]
[WhiteTeam "GIECEK Radkow"]
[BlackTeam "HETMAN Konin"]
[TimeControl "40/5400+30:900+30"]

1. c4 {[%emt 0:00:00]} c6 {[%emt 0:00:00]} 2. Nf3 {[%emt 0:00:00]} d5 {[%emt 0:00:00]} 3. e3 {[%emt 0:00:00]} Nf6 {[%emt 0:00:16]} 4. Nc3 {[%emt 0:00:00]} e6 {[%emt 0:00:44]} 5. d4 {[%emt 0:00:01]} Bd6 {[%emt 0:01:17]} 6. Qc2 {[%emt 0:00:17]} O-O {[%emt 0:00:35]} 7. b3 {[%emt 0:00:06]} Nbd7 {[%emt 0:00:46]} 8. Be2 {[%emt 0:00:15]} b6 {[%emt 0:08:40]} 9. cxd5 {[%emt 0:14:10]} exd5 {[%emt 0:00:57]} 10. O-O {[%emt 0:00:10]} Bb7 {[%emt 0:00:39]} 11. Bd3 {[%emt 0:02:02]} h6 {[%emt 0:05:21]} 12. Bb2 {[%emt 0:01:26]} Rc8 {[%emt 0:02:52]} 13. Rac1 {[%emt 0:09:23]} Re8 {[%emt 0:03:09]} 14. Qb1 {[%emt 0:03:45]} Nf8 {[%emt 0:02:50]} 15. e4 {[%emt 0:09:59]} Bf4 {[%emt 0:07:02]} 16. Rcd1 {[%emt 0:00:49]} dxe4 {[%emt 0:00:21]} 17. Nxe4 {[%emt 0:00:15]} Nd5 {[%emt 0:00:29]} 18. Nc3 {[%emt 0:05:18]} Nxc3 {[%emt 0:06:09]} 19. Bxc3 {[%emt 0:00:05]} Qf6 {[%emt 0:00:31]} 20. Qb2 {[%emt 0:02:28]} Bb8 {[%emt 0:09:32]} 21. d5 {[%emt 0:05:50]} Qf4 {[%emt 0:03:10]} 22. Bc4 {[%emt 0:31:08]} cxd5 {[%emt 0:02:57]} 23. Bxd5 {[%emt 0:00:04]} Bxd5 {[%emt 0:00:08]} 24. Rxd5 {[%emt 0:00:04]} Ne6 {[%emt 0:00:10]} 25. Be5 {[%emt 0:06:55]} Qe4 {[%emt 0:05:07]} 26. Rd2 {[%emt 0:04:24]} Bxe5 {[%emt 0:01:18]} 27. Qxe5 {[%emt 0:00:08]} Qxe5 {[%emt 0:03:28]} 28. Nxe5 {[%emt 0:00:04]} Nf4 {[%emt 0:00:55]} 29. Nc4 {[%emt 0:01:14]} Re2 {[%emt 0:00:47]} 30. Rxe2 {[%emt 0:03:21]} Nxe2+ {[%emt 0:00:06]} 31. Kh1 {[%emt 0:00:10]} Nc3 {[%emt 0:00:13]} 32. a4 {[%emt 0:00:48]} Nxa4 {[%emt 0:00:18]} 33. Nd6 {[%emt 0:00:35]} Rd8 {[%emt 0:01:04]} 34. Nxf7 {[%emt 0:00:37]} Kxf7 {[%emt 0:00:28]} 35. bxa4 {[%emt 0:00:03]} Rd2 {[%emt 0:00:15]} 36. a5 {[%emt 0:01:21]} b5 {[%emt 0:01:08]} 37. g3 {[%emt 0:00:13]} Ra2 {[%emt 0:00:25]} 38. Rc1 {[%emt 0:00:13]} Rxa5 {[%emt 0:00:55]} 39. Rc7+ {[%emt 0:00:05]} Kf6 {[%emt 0:00:24]} 40. Kg2 {[%emt 0:00:00]} Ra3 {[%emt 0:00:00]} 41. Rb7 {[%emt 0:00:16]} a6 {[%emt 0:00:43]} 42. h4 {[%emt 0:00:05]} h5 {[%emt 0:02:31]} 43. f3 {[%emt 0:00:20]} Ra4 {[%emt 0:00:10]} 44. Kf2 {[%emt 0:00:15]} b4 {[%emt 0:00:26]} 45. Ke3 {[%emt 0:00:04]} a5 {[%emt 0:00:07]} 46. g4 {[%emt 0:03:27]} hxg4 {[%emt 0:01:52]} 47. fxg4 {[%emt 0:00:06]} b3 {[%emt 0:09:45]} 48. Rxb3 {[%emt 0:00:31]} Rxg4 {[%emt 0:00:05]} 49. Rb6+ {[%emt 0:00:12]} Kf7 {[%emt 0:00:18]} 50. Ra6 {[%emt 0:00:55]} a4 {[%emt 0:05:55]} 51. h5 {[%emt 0:00:33]} Rh4 {[%emt 0:00:22]} 52. Kf3 {[%emt 0:01:02]} Ke7 {[%emt 0:00:11]} 53. h6 {[%emt 0:11:10]} gxh6 {[%emt 0:13:01]} 54. Kg3 {[%emt 0:00:05]} Re4 {[%emt 0:00:10]} 55. Rxh6 {[%emt 0:00:05]} Re6 {[%emt 0:00:15]} 56. Rh7+ {[%emt 0:00:16]} Kd6 {[%emt 0:00:05]} 57. Ra7 {[%emt 0:00:05]} Re4 {[%emt 0:00:07]} 58. Kf3 {[%emt 0:00:11]} Rh4 {[%emt 0:00:10]} 59. Ke3 {[%emt 0:05:34]} Kc5 {[%emt 0:02:01]} 60. Kd3 {[%emt 0:00:05]} Kb4 {[%emt 0:02:03]} 61. Kc2 {[%emt 0:00:04]} Ka3 {[%emt 0:06:15]} 62. Kb1 {[%emt 0:00:13]} 1/2-1/2

[Event "POL-chT 2nd League-4 2020"]
[Site "Poronin"]
[Date "2020.09.12"]
[Round "8.5"]
[White "Swiatnicki, Andrzej"]
[Black "Szydelko, Michal"]
[Result "1-0"]
[WhiteElo "2004"]
[BlackElo "1877"]
[Annotator "ChessBase"]
[PlyCount "109"]
[EventDate "2020.09.05"]
[EventType "team-tourn"]
[EventCountry "POL"]
[SourceTitle "playchess.com"]
[Source "ChessBase"]
[SourceQuality "1"]
[WhiteTeam "HETMAN Konin"]
[BlackTeam "GIECEK Radkow"]
[TimeControl "40/5400+30:900+30"]

1. d4 {[%emt 0:00:00]} d5 {[%emt 0:00:00]} 2. Nc3 {[%emt 0:00:00]} Nf6 {[%emt 0:00:13]} 3. Bg5 {[%emt 0:00:00]} Nbd7 {[%emt 0:00:31]} 4. Nf3 {[%emt 0:00:19]} e6 {[%emt 0:01:05]} 5. e4 {[%emt 0:00:24]} dxe4 {[%emt 0:00:13]} 6. Nxe4 {[%emt 0:00:09]} Be7 {[%emt 0:00:07]} 7. Bxf6 {[%emt 0:00:11]} Nxf6 {[%emt 0:00:09]} 8. Bd3 {[%emt 0:04:18]} O-O {[%emt 0:02:33]} 9. O-O {[%emt 0:00:27]} b6 {[%emt 0:20:14]} 10. Nxf6+ {[%emt 0:04:45]} Bxf6 {[%emt 0:00:08]} 11. Be4 {[%emt 0:00:09]} Rb8 {[%emt 0:00:33]} 12. Qd3 {[%emt 0:00:19]} h6 {[%emt 0:03:36]} 13. Rad1 {[%emt 0:01:34]} Qe7 {[%emt 0:14:53]} 14. Ne5 {[%emt 0:01:39]} Bxe5 {[%emt 0:12:34]} 15. dxe5 {[%emt 0:00:08]} Bb7 {[%emt 0:00:32]} 16. Bxb7 {[%emt 0:01:20]} Rxb7 {[%emt 0:00:04]} 17. Qe4 {[%emt 0:11:08]} Rbb8 {[%emt 0:07:56]} 18. Rd4 {[%emt 0:04:12]} Rbd8 {[%emt 0:03:53]} 19. Rfd1 {[%emt 0:00:22]} Qb4 {[%emt 0:06:36]} 20. g3 {[%emt 0:02:08]} Rxd4 {[%emt 0:01:31]} 21. Qxd4 {[%emt 0:00:09]} Qxd4 {[%emt 0:01:17]} 22. Rxd4 {[%emt 0:00:07]} Rc8 {[%emt 0:02:35]} 23. Kf1 {[%emt 0:00:39]} Kf8 {[%emt 0:00:13]} 24. Ke2 {[%emt 0:00:09]} Ke7 {[%emt 0:00:50]} 25. Rc4 {[%emt 0:02:19]} Kd7 {[%emt 0:09:22]} 26. b4 {[%emt 0:01:34]} c5 {[%emt 0:08:42]} 27. b5 {[%emt 0:01:30]} Kc7 {[%emt 0:01:42]} 28. Rf4 {[%emt 0:01:57]} Rf8 {[%emt 0:00:15]} 29. g4 {[%emt 0:00:41]} f5 {[%emt 0:01:33]} 30. exf6 {[%emt 0:07:03]} gxf6 {[%emt 0:00:26]} 31. h4 {[%emt 0:00:32]} Kd6 {[%emt 0:00:24]} 32. g5 {[%emt 0:00:51]} hxg5 {[%emt 0:00:04]} 33. hxg5 {[%emt 0:00:05]} f5 {[%emt 0:01:00]} 34. Rh4 {[%emt 0:01:56]} Rg8 {[%emt 0:00:43]} 35. f4 {[%emt 0:00:30]} e5 {[%emt 0:00:14]} 36. Ke3 {[%emt 0:00:59]} e4 {[%emt 0:00:46]} 37. c4 {[%emt 0:00:09]} Rd8 {[%emt 0:00:28]} 38. Rh6+ {[%emt 0:03:34]} Ke7 {[%emt 0:00:06]} 39. Rh7+ {[%emt 0:00:19]} Ke6 {[%emt 0:00:16]} 40. Rxa7 {[%emt 0:00:00]} Rd3+ {[%emt 0:00:00]} 41. Ke2 {[%emt 0:01:15]} Rf3 {[%emt 0:00:42]} 42. Rb7 {[%emt 0:00:10]} Rxf4 {[%emt 0:00:16]} 43. Rxb6+ {[%emt 0:00:05]} Ke5 {[%emt 0:00:13]} 44. Rc6 {[%emt 0:07:49]} Kd4 {[%emt 0:07:39]} 45. Rd6+ {[%emt 0:04:21]} Kxc4 {[%emt 0:00:16]} 46. b6 {[%emt 0:00:06]} Rh4 {[%emt 0:00:26]} 47. b7 {[%emt 0:00:10]} Rh8 {[%emt 0:01:49]} 48. Rb6 {[%emt 0:00:12]} Rb8 {[%emt 0:01:01]} 49. a4 {[%emt 0:01:07]} Kd4 {[%emt 0:00:44]} 50. a5 {[%emt 0:00:12]} f4 {[%emt 0:00:18]} 51. a6 {[%emt 0:00:17]} f3+ {[%emt 0:01:32]} 52. Kf2 {[%emt 0:00:23]} e3+ {[%emt 0:00:16]} 53. Kxf3 {[%emt 0:00:37]} Rf8+ {[%emt 0:00:12]} 54. Ke2 {[%emt 0:00:49]} Rf2+ {[%emt 0:00:46]} 55. Ke1 {[%emt 0:00:10]} 1-0

[Event "POL-chT 2nd League-4 2020"]
[Site "Poronin"]
[Date "2020.09.12"]
[Round "8.6"]
[White "Trusz, Julia"]
[Black "Bukowska, Katarzyna"]
[Result "1/2-1/2"]
[WhiteElo "1675"]
[BlackElo "1887"]
[Annotator "NA"]
[PlyCount "113"]
[EventDate "2020.09.05"]
[EventType "team-tourn"]
[EventCountry "POL"]
[SourceTitle "playchess.com"]
[Source "ChessBase"]
[SourceQuality "1"]
[WhiteTeam "GIECEK Radkow"]
[BlackTeam "HETMAN Konin"]
[TimeControl "40/5400+30:900+30"]

1. d4 {[%emt 0:00:00]} d5 {[%emt 0:00:00]} 2. c4 {[%emt 0:00:00]} e6 {[%emt 0:00:00]} 3. Nf3 {[%emt 0:00:15]} Nf6 {[%emt 0:00:15]} 4. g3 {[%emt 0:00:57]} Be7 {[%emt 0:00:12]} 5. Bg2 {[%emt 0:00:32]} O-O {[%emt 0:00:09]} 6. Nc3 {[%emt 0:00:39]} dxc4 {[%emt 0:01:46]} 7. Ne5 {[%emt 0:02:09]} Nc6 {[%emt 0:00:49]} 8. Bxc6 {[%emt 0:05:36]} bxc6 {[%emt 0:00:09]} 9. Nxc6 {[%emt 0:00:07]} Qe8 {[%emt 0:00:11]} 10. Nxe7+ {[%emt 0:00:19]} Qxe7 {[%emt 0:00:06]} 11. Qa4 {[%emt 0:04:57]} Bb7 {[%emt 0:01:19]} 12. f3 {[%emt 0:10:22]} e5 {[%emt 0:05:01]} 13. dxe5 {[%emt 0:04:52]} Qxe5 {[%emt 0:00:34]} 14. Bf4 {[%emt 0:02:20]} Qc5 {[%emt 0:08:21]} 15. Qb5 {[%emt 0:06:25]} Qxb5 {[%emt 0:10:32]} 16. Nxb5 {[%emt 0:00:09]} Nd5 {[%emt 0:01:19]} 17. Bd2 {[%emt 0:06:45]} Rfe8 {[%emt 0:05:06]} 18. Kf2 {[%emt 0:04:22]} a6 {[%emt 0:00:46]} 19. Na3 {[%emt 0:05:50]} Nb6 {[%emt 0:01:06]} 20. Rac1 {[%emt 0:03:32]} Bd5 {[%emt 0:01:27]} 21. Bf4 {[%emt 0:12:17]} Re7 {[%emt 0:05:49]} 22. Rhd1 {[%emt 0:05:02]} Be6 {[%emt 0:04:42]} 23. Rd2 {[%emt 0:04:21]} f6 {[%emt 0:01:30]} 24. e4 {[%emt 0:04:05]} Rb8 {[%emt 0:04:18]} 25. h4 {[%emt 0:05:17]} h5 {[%emt 0:00:24]} 26. Kg2 {[%emt 0:05:12]} Kf7 {[%emt 0:01:32]} 27. Rcc2 {[%emt 0:02:51]} Rb7 {[%emt 0:03:47]} 28. Rd4 {[%emt 0:01:41]} Rd7 {[%emt 0:02:34]} 29. Rxd7+ {[%emt 0:01:41]} Nxd7 {[%emt 0:08:23]} 30. Bc1 {[%emt 0:01:42]} Nb6 {[%emt 0:01:26]} 31. f4 {[%emt 0:00:20]} f5 {[%emt 0:04:50]} 32. e5 {[%emt 0:00:28]} Rb8 {[%emt 0:01:14]} 33. Kf2 {[%emt 0:00:52]} Rd8 {[%emt 0:02:33]} 34. Be3 {[%emt 0:00:21]} Rb8 {[%emt 0:01:34]} 35. Ke2 {[%emt 0:00:34]} Na4 {[%emt 0:02:30]} 36. Nxc4 {[%emt 0:00:36]} Bxc4+ {[%emt 0:00:20]} 37. Rxc4 {[%emt 0:00:02]} Rxb2+ {[%emt 0:00:39]} 38. Kd3 {[%emt 0:00:41]} Rxa2 {[%emt 0:00:32]} 39. Rxc7+ {[%emt 0:00:04]} Kf8 {[%emt 0:01:11]} 40. e6 {[%emt 0:00:00]} Ra3+ {[%emt 0:00:00]} 41. Ke2 {[%emt 0:02:41]} Nc3+ {[%emt 0:00:58]} 42. Ke1 {[%emt 0:03:22]} Ne4 {[%emt 0:00:34]} 43. Bd4 {[%emt 0:06:21]} Rxg3 {[%emt 0:01:34]} 44. Rf7+ {[%emt 0:00:09]} Ke8 {[%emt 0:04:12]} 45. Rxf5 {[%emt 0:00:40]} Rg4 {[%emt 0:07:27]} 46. Rxh5 {[%emt 0:02:02]} Rxf4 {[%emt 0:00:47]} 47. Bxg7 {[%emt 0:01:24]} Ke7 {[%emt 0:01:32]} 48. Ra5 {[%emt 0:01:57]} Kxe6 {[%emt 0:01:49]} 49. h5 {[%emt 0:01:11]} Kf7 {[%emt 0:02:48]} 50. h6 {[%emt 0:00:12]} Rh4 {[%emt 0:01:28]} 51. Rxa6 {[%emt 0:00:39]} Ng5 {[%emt 0:03:35]} 52. Ra7+ {[%emt 0:00:55]} Kg6 {[%emt 0:00:34]} 53. Ra5 {[%emt 0:00:50]} Nf7 {[%emt 0:00:59]} 54. Ra6+ {[%emt 0:00:39]} Kh7 {[%emt 0:01:58]} 55. Ra7 {[%emt 0:00:18]} Kg6 {[%emt 0:01:13]} 56. Ra6+ {[%emt 0:00:42]} Kh7 {[%emt 0:00:13]} 57. Ra7 1/2-1/2

[Event "POL-chT 2nd League-4 2020"]
[Site "Poronin"]
[Date "2020.09.12"]
[Round "8.7"]
[White "Brozyna, Mateusz"]
[Black "Miasik, Adrian"]
[Result "1-0"]
[WhiteElo "2300"]
[BlackElo "1958"]
[Annotator "TA"]
[PlyCount "75"]
[EventDate "2020.09.05"]
[EventType "team-tourn"]
[EventCountry "POL"]
[SourceTitle "playchess.com"]
[Source "ChessBase"]
[SourceQuality "1"]
[WhiteTeam "MLKS Myslenice"]
[BlackTeam "Rzeszowski Klub Szachowy"]

{[%evp 15,75,19,33,27,37,33,80,72,81,30,35,12,8,14,18,24,21,0,0,0,5,0,-20,-31,0,0,74,61,69,70,81,87,78,76,169,170,236,229,229,185,243,245,226,174,235,239,294,263,389,384,461,425,522,331,592,610,571,559,550,528,575,504]} 1. e4 d6 2. d4 Nf6 3. Nc3 Nbd7 4. Nf3 e5 5. Bc4 Be7 6. O-O c6 7. a4 h6 {7...Qc7 is becoming the main line.} 8. Qe2 Qc7 9. Rd1 {C41: Philidor Defence.} Nf8 10. a5 {[%cal Ba4a5,Ba5a6][%mdl 32] [#]} Be6 $146 ({Predecessor:} 10... g5 11. b4 Ng6 12. b5 O-O 13. a6 Rb8 14. axb7 Bxb7 15. Be3 Ng4 16. Bd2 Nf6 {1-0 (49) Telepnev,I (2474)-Vandermeulen,B (2568) ICCF email 2012}) 11. a6 {[#] And now axb7 would win.White is better.} b6 12. d5 (12. Be3 $16) 12... cxd5 $11 13. Bxd5 (13. exd5 {is interesting.} Bd7 14. Bd3 Ng6 15. Bxg6 fxg6 16. Nh4) 13... Nxd5 14. Nxd5 Bxd5 15. Rxd5 Nd7 16. Ra3 Rc8 17. Rc3 $36 {[%mdl 2048] White is more active.} Qb8 18. Rdd3 O-O 19. Nd2 Rxc3 20. Rxc3 Rc8 (20... Nf6 $11) 21. Nb1 Kf8 22. Be3 Rxc3 {Black is now going downhill.} 23. Nxc3 Qc8 24. Nd5 Nb8 (24... Nc5 $16) 25. Bxb6 $1 $18 Nxa6 (25... axb6 {might work better.} 26. a7 Qb7) 26. Bxa7 Qb7 27. Be3 Nc5 (27... Nb4 $142) 28. Bxc5 dxc5 29. b3 Qa7 (29... g6 $142 30. g3 h5) 30. g3 Qa5 31. Kg2 Bg5 (31... Bd6 {is a better defense.} 32. h4 Kg8) 32. c3 Bc1 33. h4 g6 34. h5 Qa7 $2 {[#]} (34... gxh5 35. Qxh5 Bg5) 35. hxg6 {White is clearly winning.} fxg6 36. Qg4 Bg5 37. Qe6 Qf7 38. Qxe5 {Accuracy: White = 78%, Black = 38%.} 1-0